CHAPMAN & NAKIELNY'S GUIDE TO RADIOLOGICAL PROCEDURES (Record no. 10518)

MARC details
000 -LEADER
fixed length control field 00343nam a22001457a 4500
003 - CONTROL NUMBER IDENTIFIER
control field SGT
082 ## - DEWEY DECIMAL CLASSIFICATION NUMBER
Classification number 616.0757
Item number C14W
100 ## - MAIN ENTRY--PERSONAL NAME
Personal name WATSON, NICK
245 ## - TITLE STATEMENT
Title CHAPMAN & NAKIELNY'S GUIDE TO RADIOLOGICAL PROCEDURES
250 ## - EDITION STATEMENT
Edition statement 6TH
260 ## - PUBLICATION, DISTRIBUTION, ETC. (IMPRINT)
Place of publication, distribution, etc EDINBURGH
Name of publisher, distributor, etc SAUNDERS
Year of Publication 2014
300 ## - PAGE DESCRIPTION
No. of Pages 414
650 ## - SUBJECT ADDED ENTRY--TOPICAL TERM
Topical term or geographic name as entry element RADIOLOGY
942 ## - ADDED ENTRY ELEMENTS (KOHA)
Source of classification or shelving scheme Dewey Decimal Classification
Koha item type Books
942 ## - ADDED ENTRY ELEMENTS (KOHA)
-- 28
Holdings
Withdrawn status Lost status Source of classification or shelving scheme Damaged status Not for loan Collection code Home library Current library Shelving location Date acquired Vendor Name SGTU Bill Number Total Checkouts Full call number Accession No. (Barcode) Date last seen Bill Date Koha item type Date last borrowed
    Dewey Decimal Classification     MEDICAL SGT Medical Library SGT Medical Library Reference Book 19/01/2017 ABC SGTU 6436   616.0757 C14W FM7811 19/01/2017 02/01/2016 Books  
    Dewey Decimal Classification     MEDICAL SGT Medical Library SGT Medical Library Reference Book 19/01/2017 ABC SGTU 6436 12 616.0757 C14W FM7812 27/01/2023 02/01/2016 Books 19/01/2023
    Dewey Decimal Classification     MEDICAL SGT Medical Library SGT Medical Library Reference Book 19/01/2017 ABC SGTU 6436 25 616.0757 C14W FM7813 02/09/2025 02/01/2016 Books 02/09/2025
    Dewey Decimal Classification     MEDICAL SGT Medical Library SGT Medical Library Reference Book 19/01/2017 ABC SGTU 6436 14 616.0757 C14W FM7814 07/01/2026 02/01/2016 Books 09/12/2025
    Dewey Decimal Classification     MEDICAL SGT Medical Library SGT Medical Library Reference Book 19/01/2017 ABC SGTU 6436 19 616.0757 C14W FM7815 06/04/2026 02/01/2016 Books 23/03/2026